| 000 | 00501nam a2200205Ia 4500 | ||
|---|---|---|---|
| 003 | 0100 | ||
| 008 | 130227s9999 xx 000 0 und d | ||
| 040 | _cARRUPELIB | ||
| 050 | _aREF. PC2640.C54 | ||
| 100 | _aChevalley, Abel | ||
| 245 | 4 | _aThe Concise Oxford French dictionary | |
| 260 | _aOxford | ||
| 260 | _bClarendon Press | ||
| 260 | _C1956 | ||
| 300 | _a895p. | ||
| 300 | _b 23 cm | ||
| 650 | _bChristian life- Catholic authors | ||
| 700 | _aChevalley, Marguerite | ||
| 942 |
_2lcc _012 |
||
| 999 |
_c1699 _d1699 |
||